000 01600nam a2200373 i 4500
001 768714001
003 CO-MdFUSB
005 20250409100937.0
007 ta
008 230414t2000 -us||||g |||| 00| 0 eng d
020 _a0814650422
040 _aCO-MdFUSB
_bspa
_cCO-MdFUSB
_dCO-MdFUSBC
_erda
041 _aeng
082 _223
_a222.206
_bH392
100 _aHawk, L. Daniel,
_eautor
245 _aJoshua
_c/ L. Daniel Hawk ; editado por David W. ‎Cotter
264 1 _aCollegeville, Minnesota ;
_bThe Liturgical Press,
_c2000
264 4 _c©2000
300 _a303 páginas
_c; 23 cm
336 _2rdacontent
_atexto
_btxt
337 _2rdamedia
_asin mediación
_bn
338 _2rdacarrier
_avolumen
_bnc
490 _aBerit Olam: studies in Hebrew narrative and poetry
504 _aIncluye índices y bibliografía
505 _aDerechos de paso (1:1-18) -- ¿Quién es quién en la tierra prometida? (2:1 - 12:24) -- Extraños en la noche (2:1-24) -- Cambio de estado (3:1 - 4:24) -- Lo primero es lo primero (5:1-15) -- Dando vueltas (6:1-27) -- Espiar Ai (7:1- 8:35) -- Frustrado de nuevo (9:1 - 10:27) -- Conquistando a los cananeos (10:28 - 12:24) -- Organización de Israel (13:1 - 21:45) -- Altar egos (22:1-34) -- Asuntos pendientes (23:1-16) -- Decisiones, decisiones (24:1-33)
563 _aTapa dura
630 0 7 _aBiblia.
_pJosué
630 0 7 _aBiblia.
_pJosué
_xCrítica, interpretación, etc.
650 7 _aHermenéutica bíblica
_2embne
_97333
700 _96503
_aCotter, David W. ‎
_eeditor
942 _cBK
945 _aAF
999 _c68715
_d68715